000 01780cam a22004574i 4500
003 PE-LiUPU
005 20250731173315.0
008 150625s1999 miu rb 000 0 spa d
020 _a1558830464
035 _a(Sirsi) i9781558830462
040 _aPE-LiUPU
_bspa
_cPE-LiUPU
_erda
049 _aPRUA
082 0 4 _a227.4
_bH39
_221
100 1 _aHendriksen, William,
_d1900- ,
_eautor.
245 1 0 _aComentario al Nuevo Testamento :
_bexposición de Gálatas /
_cWilliam Hendriksen.
264 1 _aGrand Rapids, Michigan :
_bLibros Desafío,
_c1999.
300 _a268 páginas ;
_c24 centímetros
336 _atext
_2rdacontent
337 _aunmediated
_2rdamedia
338 _avolume
_2rdacarrier
504 _aIncluye bibliografía.
505 0 _aIntroducción a Gálatas -- ¿Por qué es importante esta epístola? -- ¿Quiénes eran los destinatarios? -- ¿Cuándo, dónde y por qué fue escrita? -- ¿Quién la escribió? -- ¿Cuál es su tema? -- ¿Cuál es su bosquejo? -- Comentario sobre Gálatas.
526 _aSEG42
526 _aSEG41
526 _aSEG40
526 _aSEG39
526 _aP94
526 _aP87
526 _aP86
526 _aP85
526 _aP77
526 _aP76
526 _aP35
541 _g001-0000127;
630 _aBiblia.
_pN.T.
_PG álatas
_xComentarios.
942 _2ddc
_cBOOK
949 _a227.4 H39
_wDEWEY
_c1
_i56412
_lCCODEBUL1
_mBUL
_p9.00
_r0
_sY
_tBOOK
_u2015-6-25
_xTEOLOGIA
_zUNKNOWN
_0COMPRA
_o.STAFF. Colección General
994 _aC0
_bPEPRU
596 _a1
999 _a227.4 H39
_wDEWEY
_c45660
_i56412
_d45660
_e2017-9-7
_f2021-11-9
_g6
_lCCODEBUL1
_mBUL
_n5
_p9.00
_r0
_sY
_tBOOK
_u2015-6-25
_xTEOLOGIA
_PP35
_0COMPRA
_o.STAFF. Colección Teología
980 _81
_gALBERTO SANCHEZ Responsable de Automatización